North American Pro Sports Leagues Commissioners - Statistics

General Stats
  • This quiz has been taken 10 times
  • The average score is 10 of 22
Answer Stats
League Tenure Commissioner % Correct
NBA 1984 - 2014 David Stern
90%
NBA 2014 - Present Adam Silver
80%
NHL 1993 - Present Gary Bettman
80%
NBA 1975 - 1984 Larry O'Brien
70%
NFL 1989 - 2006 Paul Tagliabue
60%
NFL 1960 - 1989 Pete Rozelle
60%
NFL 2006 - Present Roger Goodell
60%
MLB 1969 - 1984 Bowie Kuhn
50%
MLB 1992 - 2015 Bud Selig
50%
MLB 1989 - 1992 Fay Vincent
50%
MLB 1989 A. Bartlett Giamatti
40%
MLB 1951 - 1965 Ford Frick
40%
MLB 1920 - 1944 Kenesaw Mountain Landis
40%
NFL 1946 - 1959 Bert Bell
30%
MLB 1945 - 1951 Happy Chandler
30%
NBA 1963 - 1975 J. Walter Kennedy
30%
NBA 1946 - 1963 Maurice Podoloff
30%
MLB 1984 - 1989 Peter Ueberroth
30%
MLB 2015 - Present Rob Manfred
30%
NFL 1959 - 1960 Austin Gunsel
20%
NFL 1941 - 1946 Elmer Layden
20%
MLB 1965 - 1968 William Eckert
20%
No matching quizzes found
Score Distribution
Percent of People with Each Score
Percentile by Number Answered
Your Score History
You have not taken this quiz